Điều tra tình hình sản xuất chuối cau ( Musa paradisiaca L. ) tại Hậu Giang và nhân giống bằng phương pháp nuôi cấy mô : Luận văn tốt nghiệp Thạc sĩ ngành Sinh thái học

Đề tài khảo sát tình hình phát triển chuối cau của tỉnh Hậu Giang, tìm ra quy trình vi nhân giống chuối cau cho hiệu quả nhân giống cao.

Đã lưu trong:
Sonraí Bibleagrafaíochta
Príomhúdar: Trần, Mai Xuân
Formáid: Leabhar
Teanga:Undetermined
Foilsithe: Cần Thơ Trường Đại học Cần Thơ 2014
Ábhair:
Clibeanna: Cuir Clib Leis
Gan Chlibeanna, Bí ar an gcéad duine leis an taifead seo a chlibeáil!
Thư viện lưu trữ: Trung tâm Học liệu Trường Đại học Cần Thơ
LEADER 01072nam a2200217Ia 4500
001 CTU_190473
008 210402s9999 xx 000 0 und d
082 |a 631.53 
082 |b X502 
088 |a 60420120 
100 |a Trần, Mai Xuân 
245 0 |a Điều tra tình hình sản xuất chuối cau ( Musa paradisiaca L. ) tại Hậu Giang và nhân giống bằng phương pháp nuôi cấy mô : 
245 0 |b Luận văn tốt nghiệp Thạc sĩ ngành Sinh thái học 
245 0 |c Trần Mai Xuân ; Lê Văn Bé (Cán bộ hướng dẫn) 
260 |a Cần Thơ 
260 |b Trường Đại học Cần Thơ 
260 |c 2014 
520 |a Đề tài khảo sát tình hình phát triển chuối cau của tỉnh Hậu Giang, tìm ra quy trình vi nhân giống chuối cau cho hiệu quả nhân giống cao. 
650 |a Plant propagation,Bananas,Nhân giống cây trồng 
910 |a Hải 
980 |a Trung tâm Học liệu Trường Đại học Cần Thơ